[Event "32.Schlosspark-Open"]
[Site "Wiesbaden-Biebrich"]
[Date "2023.08.25"]
[Round "2.47"]
[White "Neurohr, J rgen"]
[Black "Jansen, Malte"]
[Result "1-0"]
[WhiteElo "2001"]
[BlackElo "1534"]
[PlyCount "63"]
[EventDate "2023.??.??"]
[WhiteTeam "Sfr.Mainz 1928"]
[BlackTeam "SJ Herborn 1998"]

1. d4 d5 2. c4 e6 3. Nf3 Nf6 4. g3 c6 5. Bg2 Bd6 6. O-O O-O 7. Nbd2 Nbd7 8. Qc2 h6 9. Rd1 dxc4 10. Nxc4 Bc7 11. e4 Qe7 12. b3 Rd8 13. Ba3 Qe8 14. e5 Nd5 15. Bd6 Bxd6 16. Nxd6 Qe7 17. Nd2 f6 18. N2c4 b6 19. exf6 Qxf6 20. Ne4 Qf8 21. Bh3 N7f6 22. Re1 Nb4 23. Qc3 Nfd5 24. Qd2 c5 25. dxc5 bxc5 26. Rac1 Nc6 27. f4 Kh8 28. Qf2 e5 29. Bxc8 Raxc8 30. fxe5 Qxf2+ 31. Kxf2 Ndb4 32. Ncd6 1-0

[Event "32.Schlosspark-Open"]
[Site "Wiesbaden-Biebrich"]
[Date "2023.08.25"]
[Round "2.48"]
[White "Traut, Stefan"]
[Black "Eveleens, Wim"]
[Result "0-1"]
[WhiteElo "1543"]
[BlackElo "1993"]
[PlyCount "116"]
[EventDate "2023.??.??"]
[WhiteTeam "SF Heusenstamm"]
[BlackTeam "SV Amstel"]

1. d4 e6 2. Nf3 f5 3. c4 Nf6 4. Bg5 Be7 5. Bxf6 Bxf6 6. e3 c5 7. Be2 O-O 8. O-O b6 9. Nc3 Bb7 10. Qd2 d6 11. Rfd1 Qe7 12. Rac1 Rd8 13. Qc2 g6 14. dxc5 dxc5 15. Rxd8+ Qxd8 16. Rd1 Qe7 17. h3 Nc6 18. a3 Rd8 19. Rxd8+ Qxd8 20. Qd2 Qxd2 21. Nxd2 Bxc3 22. bxc3 e5 23. f3 Kf7 24. e4 Na5 25. Bd3 f4 26. Kf2 Bc8 27. Bf1 Bd7 28. Be2 Ba4 29. Bd3 Ke6 30. Be2 Kd6 31. Ke1 Bd7 32. Bf1 Ba4 33. Bd3 Kc6 34. Be2 Bb3 35. Nxb3 Nxb3 36. Kd1 Na5 37. Kc2 Kd6 38. Kd2 Ke6 39. Ke1 Kf6 40. Bd3 Kg5 41. Kf2 Kh4 42. Be2 Nb3 43. Bd3 h6 44. a4 Nc1 45. Bb1 g5 46. Bc2 Na2 47. Bb3 Nxc3 48. Bc2 Na2 49. Bd3 Nb4 50. Bb1 h5 51. Kf1 g4 52. hxg4 hxg4 53. fxg4 Kxg4 54. Kf2 a6 55. Kf1 f3 56. gxf3+ Kxf3 57. Ke1 Ke3 58. Kd1 Kd4 0-1

[Event "32.Schlosspark-Open"]
[Site "Wiesbaden-Biebrich"]
[Date "2023.08.25"]
[Round "2.49"]
[White "M ller, Jens"]
[Black "Diez, Gerhard"]
[Result "0-1"]
[WhiteElo "1427"]
[BlackElo "1980"]
[PlyCount "68"]
[EventDate "2023.??.??"]
[WhiteTeam "SV 1920 Hofheim"]
[BlackTeam "SC Bad Nauheim"]

1. e4 c5 2. d4 cxd4 3. c3 dxc3 4. Nxc3 e6 5. Bc4 a6 6. Nf3 b5 7. Bb3 Bb7 8. a3 Bc5 9. O-O Ne7 10. Bf4 Qb6 11. Bc2 Ng6 12. Bg3 Nc6 13. Qe2 Rc8 14. Rfd1 h5 15. h3 h4 16. Bh2 e5 17. Rd2 Nd4 18. Nxd4 Bxd4 19. Nd5 Qc6 20. Bb3 O-O 21. Qg4 Rfe8 22. Rad1 Qe6 23. Qf3 Bxd5 24. Bxd5 Qf6 25. Qg4 Red8 26. Bb7 Rc5 27. Bd5 Ne7 28. Bb3 d5 29. Qe2 dxe4 30. Qxe4 Rdc8 31. Bxe5 Rxe5 32. Qxd4 Nf5 33. Bxf7+ Kxf7 34. Qd7+ Ne7 0-1

[Event "32.Schlosspark-Open"]
[Site "Wiesbaden-Biebrich"]
[Date "2023.08.25"]
[Round "2.51"]
[White "Schmitz, Bernhard Hubert"]
[Black "Launert, Martin"]
[Result "0-1"]
[WhiteElo "1387"]
[BlackElo "1870"]
[PlyCount "118"]
[EventDate "2023.??.??"]
[WhiteTeam "Vorw.Orient Mainz"]
[BlackTeam "SF Eltville"]

1. d4 d5 2. c4 dxc4 3. e3 e5 4. Nf3 exd4 5. exd4 Nf6 6. Bxc4 Bb4+ 7. Nc3 O-O 8. O-O Bg4 9. Be3 c6 10. a3 Bd6 11. h3 Bh5 12. Be2 Nbd7 13. Re1 Nb6 14. Qb3 Re8 15. Nh4 Bxe2 16. Rxe2 Rb8 17. Nf5 Bc7 18. Rae1 Qd7 19. Nh4 Nbd5 20. Nxd5 Nxd5 21. Nf3 f6 22. Qc2 Qf7 23. Nd2 Re7 24. Nb1 Rbe8 25. Qb3 Nb6 26. Qc2 Nd5 27. Qb3 Nf4 28. Qxf7+ Kxf7 29. Rd2 Nd5 30. Rde2 Bf4 31. g3 Bxe3 32. fxe3 Rxe3 33. Rxe3 Rxe3 34. Rxe3 Nxe3 35. Nc3 Nc4 36. d5 Nxb2 37. dxc6 bxc6 38. Kf1 Nc4 39. a4 Ke6 40. Ke2 Ne5 41. Ke3 Nd7 42. Kd4 a5 43. Ne4 h6 44. Nc5+ Nxc5 45. Kxc5 f5 46. Kb6 Kd6 47. Kxa5 Kc7 48. Kb4 g5 49. Kc5 f4 50. gxf4 gxf4 51. Kd4 Kb6 52. Ke4 Ka5 53. Kxf4 Kxa4 54. Ke4 c5 55. Kd3 Kb3 56. Kd2 c4 57. Kc1 Kc3 58. h4 h5 59. Kb1 Kd2 0-1

[Event "32.Schlosspark-Open"]
[Site "Wiesbaden-Biebrich"]
[Date "2023.08.25"]
[Round "2.52"]
[White "H bner, Kai"]
[Black "Rump, Andreas"]
[Result "0-1"]
[WhiteElo "1591"]
[BlackElo "1931"]
[PlyCount "128"]
[EventDate "2023.??.??"]
[WhiteTeam "SC Fl rsheim 1921"]
[BlackTeam "SG Turm Idstein"]

1. d4 d5 2. Bf4 Nf6 3. e3 e6 4. Bd3 Bd6 5. Bg3 O-O 6. Nd2 b6 7. Qe2 c5 8. c3 Bb7 9. Ngf3 Qe7 10. Ne5 Nbd7 11. Bf4 Ne4 12. Ndf3 f6 13. Nxd7 Qxd7 14. Bxd6 Qxd6 15. Bxe4 dxe4 16. Nd2 e5 17. dxe5 Qxe5 18. O-O Rad8 19. Rfd1 Rd3 20. Nb3 Rfd8 21. Rd2 Ba6 22. Qe1 Qd5 23. Rad1 Bc4 24. Rxd3 exd3 25. Nd2 Bxa2 26. Ra1 a5 27. Qd1 Bc4 28. Qg4 Ba6 29. Rd1 Kf7 30. Qg3 Qc6 31. Qh4 h6 32. Qh5+ Kg8 33. Qf5 c4 34. Kf1 b5 35. f3 Bb7 36. Kf2 Ra8 37. Qf4 Rc8 38. Ra1 a4 39. h4 Re8 40. Qd4 Qe6 41. Re1 Qe7 42. Qb6 Qd7 43. Qa7 Rd8 44. Qc5 Kf7 45. Qh5+ Kg8 46. Qc5 g5 47. hxg5 hxg5 48. Qb6 Kg7 49. Rh1 Ra8 50. Qc5 Kg6 51. Rh2 Bc6 52. Rh1 Kg7 53. e4 Qa7 54. Qxa7+ Rxa7 55. Ra1 Kf7 56. Ke3 Rd7 57. Rh1 Ke6 58. g3 Rb7 59. Kd4 Be8 60. f4 gxf4 61. gxf4 Rg7 62. Re1 Rg2 63. Ke3 Kd7 64. Rh1 Re2+ 0-1

[Event "32.Schlosspark-Open"]
[Site "Wiesbaden-Biebrich"]
[Date "2023.08.25"]
[Round "2.53"]
[White "G rtler, Karlheinz"]
[Black "Sefeloge, Michael"]
[Result "1/2-1/2"]
[WhiteElo "1865"]
[BlackElo "1625"]
[PlyCount "61"]
[EventDate "2023.??.??"]
[WhiteTeam "SC Ober-Ramstadt"]
[BlackTeam "SV Turm Lahnstein"]

1. e4 c5 2. Nf3 d6 3. Nc3 Nf6 4. e5 dxe5 5. Nxe5 Nbd7 6. Bb5 a6 7. Bxd7+ Bxd7 8. a4 e6 9. O-O Be7 10. d3 O-O 11. a5 Qc7 12. Nxd7 Qxd7 13. Be3 Nd5 14. Ne4 Rac8 15. Qe2 f5 16. Nc3 Nxc3 17. bxc3 Bf6 18. Qd2 e5 19. f4 c4 20. fxe5 Bxe5 21. d4 Bc7 22. Bf4 Rce8 23. Bxc7 Qxc7 24. Rfe1 Qd8 25. Rxe8 Rxe8 26. Re1 Kf8 27. Rxe8+ Qxe8 28. Kf2 Qe4 29. Qe2 Qf4+ 30. Kg1 Qc1+ 31. Qf1 1/2-1/2

[Event "32.Schlosspark-Open"]
[Site "Wiesbaden-Biebrich"]
[Date "2023.08.25"]
[Round "2.54"]
[White "Boscher, Hans"]
[Black "Kolker, Vladislav"]
[Result "0-1"]
[WhiteElo "1634"]
[BlackElo "1863"]
[PlyCount "88"]
[EventDate "2023.??.??"]
[WhiteTeam "SC Bad Soden"]
[BlackTeam "SC Bad Nauheim"]

1. e4 e5 2. Nf3 Nc6 3. Bb5 f5 4. d3 fxe4 5. dxe4 Nf6 6. O-O Bc5 7. Bxc6 bxc6 8. Nxe5 O-O 9. Nc3 Qe8 10. Nd3 Bd4 11. Qe1 Bxc3 12. Qxc3 Nxe4 13. Qb3+ d5 14. Re1 Qg6 15. f3 Bh3 16. Re2 Rxf3 17. Ne5 Rxb3 18. Nxg6 Rb6 19. Ne7+ Kf7 20. Nxd5 cxd5 21. gxh3 Re8 22. b3 Kg8 23. Bb2 Rg6+ 24. Rg2 Ng5 25. Rf1 Nxh3+ 26. Kh1 Rxg2 27. Kxg2 Ng5 28. Rf5 Ne6 29. Kf2 Rf8 30. Rxf8+ Kxf8 31. Kf3 Kf7 32. Kg4 g6 33. h4 h5+ 34. Kg3 Ke7 35. Be5 c6 36. a4 Nc5 37. Kf4 Ne4 38. Bb8 a6 39. Ke5 Ng3 40. Kf4 Nf5 41. Kg5 Kf7 42. c3 d4 43. cxd4 Nxd4 44. b4 Nf3+ 0-1

[Event "32.Schlosspark-Open"]
[Site "Wiesbaden-Biebrich"]
[Date "2023.08.25"]
[Round "2.55"]
[White "Trenz, Finn"]
[Black "Bartsch, Marius"]
[Result "1-0"]
[WhiteElo "1837"]
[BlackElo "1591"]
[PlyCount "67"]
[EventDate "2023.??.??"]
[WhiteTeam "SV Multatuli Ingelheim e.V."]
[BlackTeam "Wiesbadener SV 1885"]

1. e4 d6 2. d4 Nf6 3. f3 g6 4. c4 Bg7 5. Nc3 Nc6 6. Be3 e5 7. d5 Nb8 8. Qd2 h5 9. Nge2 Nbd7 10. Nc1 a5 11. Be2 b6 12. O-O Nc5 13. Nd3 O-O 14. Kh1 Bb7 15. Bh6 Qd7 16. Nf2 c6 17. Rg1 cxd5 18. exd5 Rfe8 19. Nfe4 Nfxe4 20. fxe4 Ba6 21. g4 hxg4 22. Bxg4 Qc7 23. b3 Bc8 24. Raf1 Bxg4 25. Rxg4 Qd7 26. Rh4 Qe7 27. Rh3 f6 28. Rg3 g5 29. Bxg7 Kxg7 30. Rgf3 Rf8 31. Kg1 Nd7 32. Nb5 Nc5 33. Qe2 Rad8 34. h4 1-0

[Event "32.Schlosspark-Open"]
[Site "Wiesbaden-Biebrich"]
[Date "2023.08.25"]
[Round "2.56"]
[White "Rot rmel, Leonie"]
[Black "Busch, Malte"]
[Result "0-1"]
[WhiteElo "1489"]
[BlackElo "1825"]
[PlyCount "88"]
[EventDate "2023.??.??"]
[WhiteTeam "SK Bad Homburg 1927"]
[BlackTeam "SC 1979 Hattersheim"]

1. e4 d6 2. d4 Nf6 3. Nc3 c6 4. Nge2 b5 5. a3 Nbd7 6. g3 Bb7 7. Bg2 e5 8. O-O Be7 9. f4 O-O 10. Kh1 a6 11. Be3 Ng4 12. Bg1 Qc7 13. Bf3 Ngf6 14. Qd2 Rad8 15. d5 Nb6 16. Bxb6 Qxb6 17. f5 Rfe8 18. Rg1 cxd5 19. Nxd5 Bxd5 20. exd5 e4 21. Bg2 Ng4 22. h3 Nf2+ 23. Kh2 Bf6 24. c3 e3 25. Qc2 a5 26. Bf3 b4 27. axb4 axb4 28. Qb3 Rb8 29. c4 Qc5 30. Rgc1 Ra8 31. Kg2 g6 32. fxg6 hxg6 33. Nf4 Rxa1 34. Rxa1 Qc8 35. g4 Ne4 36. Qc2 Nd2 37. Be2 Qd8 38. Nd3 b3 39. Qc1 Qe7 40. Kh2 Qe4 41. Ra4 Nf3+ 42. Bxf3 Qxf3 43. Qe1 e2 44. Nf2 Be5+ 0-1

[Event "32.Schlosspark-Open"]
[Site "Wiesbaden-Biebrich"]
[Date "2023.08.25"]
[Round "2.57"]
[White "Hipler, Andreas"]
[Black "Eckert, Michael"]
[Result "1/2-1/2"]
[WhiteElo "1770"]
[BlackElo "1570"]
[PlyCount "104"]
[EventDate "2023.??.??"]
[WhiteTeam "SK Gau-Algesheim"]
[BlackTeam "SK Herborn 1946"]

1. d4 d5 2. Nf3 Nf6 3. g3 b6 4. Bg2 Bb7 5. O-O e6 6. c4 c5 7. cxd5 exd5 8. Nc3 Be7 9. Bg5 Na6 10. e3 O-O 11. Ne5 Nc7 12. Qa4 Qd6 13. Bxf6 Bxf6 14. Nd7 Rfd8 15. Nxf6+ Qxf6 16. Rfd1 Bc6 17. Qc2 Qe6 18. dxc5 bxc5 19. Ne2 Qe7 20. Rac1 Ne6 21. Qf5 Qb7 22. b3 a5 23. Nc3 d4 24. Bxc6 Qxc6 25. Na4 Rac8 26. Nb2 dxe3 27. fxe3 Rxd1+ 28. Rxd1 Rd8 29. Rxd8+ Nxd8 30. Kf2 g6 31. Qc2 Nb7 32. Nc4 Kg7 33. Qc3+ Qf6+ 34. Qxf6+ Kxf6 35. Kf3 Ke6 36. e4 f5 37. e5 g5 38. h4 h6 39. hxg5 hxg5 40. g4 Nd8 41. Nxa5 fxg4+ 42. Kxg4 Kxe5 43. Kxg5 Ne6+ 44. Kg6 Nd4 45. Kf7 Kd6 46. Kf6 Nb5 47. Nc4+ Kc6 48. Ke5 Nd4 49. Nb2 Kb5 50. Nd3 Nxb3 51. axb3 c4 52. bxc4+ Kxc4 1/2-1/2

[Event "32.Schlosspark-Open"]
[Site "Wiesbaden-Biebrich"]
[Date "2023.08.25"]
[Round "2.58"]
[White "Rei , Peter"]
[Black "Flackus, Stefan"]
[Result "0-1"]
[WhiteElo "1594"]
[BlackElo "1832"]
[PlyCount "66"]
[EventDate "2023.??.??"]
[WhiteTeam "SV Multatuli Ingelheim e.V."]
[BlackTeam "Vorw.Orient Mainz"]

1. d4 Nf6 2. c4 e6 3. Nc3 Bb4 4. e3 O-O 5. Bd2 b6 6. a3 Bxc3 7. Bxc3 Bb7 8. Nf3 d6 9. Bd3 Ne4 10. O-O Nd7 11. Re1 f5 12. Qe2 Ndf6 13. Nd2 Qe8 14. Rac1 e5 15. f3 Nxc3 16. Rxc3 e4 17. fxe4 fxe4 18. Bb1 Qg6 19. Rf1 Rae8 20. b4 Bc8 21. Kh1 Bf5 22. c5 bxc5 23. Ba2+ Kh8 24. bxc5 Ng4 25. cxd6 Qxd6 26. g3 Nh6 27. Rc5 Bg4 28. Rxf8+ Rxf8 29. Qe1 Qa6 30. Bc4 Qxa3 31. Rxc7 Bf3+ 32. Nxf3 exf3 33. Re7 Qxe7 0-1

[Event "32.Schlosspark-Open"]
[Site "Wiesbaden-Biebrich"]
[Date "2023.08.25"]
[Round "2.59"]
[White "Weber, Nikita"]
[Black "Spreer, Lutz"]
[Result "1-0"]
[WhiteElo "1650"]
[BlackElo "1560"]
[PlyCount "157"]
[EventDate "2023.??.??"]
[WhiteTeam "Vorw.Orient Mainz"]
[BlackTeam "Erster Burgst dter SK 19"]

1. Nf3 Nc6 2. d4 d5 3. Bf4 Nf6 4. e3 Bf5 5. Bb5 a6 6. Bxc6+ bxc6 7. Ne5 Bd7 8. Nd2 Rb8 9. Nb3 e6 10. c3 Bd6 11. Bg5 Be7 12. Qe2 Rb6 13. Nc5 Bc8 14. Na4 Rb5 15. Nxc6 Qd7 16. Nxe7 Qxe7 17. Nc5 O-O 18. a4 Rb6 19. f4 a5 20. O-O h6 21. Bh4 Kh8 22. g4 Qd6 23. Bxf6 gxf6 24. g5 Rg8 25. Kh1 e5 26. fxe5 fxe5 27. Rxf7 Qg6 28. Re7 Qxg5 29. Rxe5 Qg6 30. h4 Bh3 31. Qh2 Bg2+ 32. Kg1 Qg4 33. Qf4 Be4+ 34. Qxg4 Rxg4+ 35. Kh2 Rxb2+ 36. Kh3 Rbg2 37. Nxe4 dxe4 38. h5 R2g3+ 39. Kh2 Rxe3 40. Rf1 Rh4+ 41. Kg2 Rg4+ 42. Kh2 Re2+ 43. Kh3 Rgg2 44. Re8+ Rg8 45. Rxg8+ Kxg8 46. Kg4 Re3 47. Kf4 Rxc3 48. Kxe4 Rc4 49. Kd5 Rxa4 50. Rf6 Kg7 51. Rg6+ Kh7 52. Rc6 Rb4 53. Rxc7+ Kg8 54. Kc5 Rb3 55. d5 Kf8 56. Rh7 a4 57. Rxh6 a3 58. Ra6 Rh3 59. Ra8+ Kf7 60. Ra7+ Ke8 61. Kc6 a2 62. Rxa2 Rxh5 63. d6 Rh6 64. Kc7 Rh7+ 65. Kc8 Rh8 66. d7+ Ke7+ 67. Kc7 Rg8 68. Re2+ Kf7 69. d8=Q Rxd8 70. Kxd8 Kf6 71. Kd7 Kf5 72. Kd6 Kf4 73. Kd5 Kf3 74. Re4 Kg3 75. Kd4 Kf3 76. Kd3 Kg3 77. Ke3 Kg2 78. Rg4+ Kf1 79. Rg5 1-0

[Event "32.Schlosspark-Open"]
[Site "Wiesbaden-Biebrich"]
[Date "2023.08.25"]
[Round "2.60"]
[White "Strache, Rolf"]
[Black "Mohammadzadeh, Daris"]
[Result "0-1"]
[WhiteElo "1575"]
[BlackElo "1701"]
[PlyCount "92"]
[EventDate "2023.??.??"]
[WhiteTeam "SK Herborn 1946"]
[BlackTeam "Vorw.Orient Mainz"]

1. d4 Nf6 2. c4 e6 3. Nf3 Bb4+ 4. Bd2 Be7 5. Nc3 O-O 6. e4 d6 7. Be2 Nc6 8. O-O e5 9. d5 Nd4 10. Nxd4 exd4 11. Nb5 Nxe4 12. Nxd4 Nxd2 13. Qxd2 Bf6 14. Rad1 Re8 15. Nf3 Bf5 16. Bd3 Bg4 17. Qf4 Qd7 18. h3 Bxf3 19. Qxf3 Bxb2 20. Rb1 Bd4 21. Rxb7 Bb6 22. Qf5 Qxf5 23. Bxf5 Re2 24. a4 Ra2 25. Bd7 Kf8 26. Bc6 Rd8 27. g4 Ke7 28. Kg2 Kf6 29. Kg3 Ra3+ 30. f3 h5 31. h4 hxg4 32. Kxg4 Rh8 33. h5 g6 34. Rh1 Rxh5 35. Rxh5 gxh5+ 36. Kxh5 Rxf3 37. Kg4 Rc3 38. Bb5 Ke5 39. Rb8 f5+ 40. Kh5 f4 41. Rf8 f3 42. Kg4 f2 43. Rf5+ Ke4 44. Rf4+ Ke3 45. Rf3+ Kd2 46. Rf7 Bc5 0-1

[Event "32.Schlosspark-Open"]
[Site "Wiesbaden-Biebrich"]
[Date "2023.08.25"]
[Round "2.61"]
[White "Stegner, Marco"]
[Black "Heitmann, Dirk"]
[Result "1-0"]
[WhiteElo "1824"]
[BlackElo "1554"]
[PlyCount "57"]
[EventDate "2023.??.??"]
[WhiteTeam "SC Landskrone"]
[BlackTeam "SVG Eppstein 1932"]

1. d4 d5 2. Bf4 Nf6 3. e3 e6 4. Nf3 c5 5. c3 Bd6 6. Ne5 O-O 7. Bd3 b6 8. Nd2 Ba6 9. Bc2 Qc7 10. Qf3 Nc6 11. Qg3 cxd4 12. Nxc6 Bxf4 13. Qxf4 Qxc6 14. exd4 Rac8 15. Qe3 Nd7 16. Bd3 Bxd3 17. Qxd3 Rfe8 18. O-O e5 19. dxe5 Nxe5 20. Qg3 Re6 21. Nb3 Qd6 22. Rfe1 Rce8 23. Nd4 Rg6 24. Qh3 Qb8 25. Re2 Nc4 26. Rae1 Rxe2 27. Rxe2 Rh6 28. Qg3 Qc8 29. Nf5 1-0

[Event "32.Schlosspark-Open"]
[Site "Wiesbaden-Biebrich"]
[Date "2023.08.25"]
[Round "2.62"]
[White "Vick, Edward"]
[Black "Schramm, Luca"]
[Result "0-1"]
[WhiteElo "1341"]
[BlackElo "1688"]
[PlyCount "96"]
[EventDate "2023.??.??"]
[WhiteTeam "TuS Makkabi Wiesbaden"]
[BlackTeam "SC Einrich e.V."]

1. e4 c5 2. c3 d5 3. exd5 Qxd5 4. d4 Nf6 5. Nf3 Nc6 6. Be3 Bg4 7. Be2 cxd4 8. cxd4 Qa5+ 9. Qd2 a6 10. Qxa5 Nxa5 11. Nc3 e6 12. h3 Bh5 13. Rb1 Rc8 14. O-O Be7 15. Ne5 Bxe2 16. Nxe2 Nd5 17. Rbc1 O-O 18. Bd2 Nb4 19. Nd7 Rfd8 20. Nb6 Rc6 21. Rxc6 Naxc6 22. Bxb4 Bxb4 23. Rd1 Bc5 24. Na4 Nxd4 25. Kf1 Ba7 26. Rc1 Kf8 27. Nxd4 Rxd4 28. Nc3 Rd2 29. Nd1 Bb6 30. a3 Ke8 31. Ke1 Rd5 32. Rc8+ Kd7 33. Rf8 Ke7 34. Rb8 Rd7 35. Ke2 Bd8 36. Nc3 Kd6 37. Rc8 Bc7 38. Ne4+ Kc6 39. Ng5 h6 40. Nf3 Kb5 41. Nd2 Ba5 42. Nb3 Bc7 43. Ke3 Bb6+ 44. Ke2 Rc7 45. Nd4+ Kc4 46. Rxc7+ Bxc7 47. Ke3 Bb6 48. b3+ Kc3 0-1

[Event "32.Schlosspark-Open"]
[Site "Wiesbaden-Biebrich"]
[Date "2023.08.25"]
[Round "2.63"]
[White "Mehlen, Theodor"]
[Black "Niedenthal, Robert"]
[Result "1-0"]
[WhiteElo "1801"]
[BlackElo "1536"]
[PlyCount "85"]
[EventDate "2023.??.??"]
[WhiteTeam "SC Matt im Park Ffm"]
[BlackTeam "SV 1920 Hofheim"]

1. e4 b6 2. d4 Bb7 3. Nc3 g6 4. Be3 Bg7 5. Qd2 d6 6. Bc4 Nd7 7. Nge2 e6 8. f3 a6 9. a4 c6 10. O-O d5 11. Bb3 Ne7 12. Ng3 O-O 13. Nce2 c5 14. c3 Rc8 15. Bh6 cxd4 16. cxd4 dxe4 17. fxe4 Nc6 18. Bxg7 Kxg7 19. d5 Na5 20. Ba2 Nc4 21. Bxc4 Rxc4 22. dxe6 fxe6 23. Rxf8 Kxf8 24. Rd1 Ke8 25. b3 Rc7 26. Qh6 Qe7 27. Rf1 Nf6 28. Qh4 Nxe4 29. Qf4 Qc5+ 30. Kh1 Nxg3+ 31. hxg3 Qh5+ 32. Kg1 Qxe2 33. Qf8+ Kd7 34. Rf7+ Kc6 35. Qe8+ Kd6 36. Qd8+ Kc5 37. Rxc7+ Bc6 38. b4+ Kxb4 39. Qd4+ Qc4 40. Qxc4+ Kxc4 41. Rxc6+ Kb4 42. Rxb6+ Kxa4 43. Rxa6+ 1-0

[Event "32.Schlosspark-Open"]
[Site "Wiesbaden-Biebrich"]
[Date "2023.08.25"]
[Round "2.64"]
[White "Will, Elina"]
[Black "Meyer-Jany, Marcel"]
[Result "1/2-1/2"]
[WhiteElo "1295"]
[BlackElo "1743"]
[PlyCount "124"]
[EventDate "2023.??.??"]
[WhiteTeam "TuS Makkabi Wiesbaden"]
[BlackTeam "SK Herborn 1946"]

1. e4 c6 2. d4 d5 3. Nc3 dxe4 4. Nxe4 Bf5 5. Ng3 Bg6 6. Nf3 Nd7 7. Bc4 e6 8. Bf4 Qa5+ 9. c3 Ngf6 10. Nh4 Nd5 11. Nxg6 hxg6 12. Bd2 Bd6 13. Qf3 N7f6 14. Bb3 Qc7 15. h3 Bxg3 16. fxg3 Nh5 17. g4 Qg3+ 18. Qxg3 Nxg3 19. Rg1 Ne4 20. O-O-O Nxd2 21. Rxd2 O-O-O 22. Rf2 Rd7 23. Rgf1 Rf8 24. Re1 Re8 25. Ref1 Rf8 26. Re1 Re7 27. Bxd5 cxd5 28. Kc2 g5 29. Re5 Rfe8 30. Rxg5 f6 31. Rh5 e5 32. Kd3 Kc7 33. Rhf5 Kd6 34. g5 exd4 35. cxd4 Re3+ 36. Kd2 fxg5 37. Rxg5 R3e4 38. Rg6+ R8e6 39. Rxe6+ Kxe6 40. Kd3 Rh4 41. Re2+ Kd6 42. Rf2 Ke6 43. Rf8 g5 44. Rg8 Kf6 45. Ke3 Re4+ 46. Kd3 Re1 47. Rf8+ Kg6 48. Rf2 b5 49. Re2 Rd1+ 50. Kc3 a5 51. Rd2 b4+ 52. Kc2 Ra1 53. Kb3 Kh5 54. a3 bxa3 55. bxa3 Kh4 56. Re2 Rd1 57. Kc3 Ra1 58. Kb2 Rd1 59. Kc3 Ra1 60. Kb2 Rg1 61. Kb3 Rd1 62. Kc3 Ra1 1/2-1/2

[Event "32.Schlosspark-Open"]
[Site "Wiesbaden-Biebrich"]
[Date "2023.08.25"]
[Round "2.65"]
[White "Gerber, Ingo"]
[Black "Zeyen, Helmut"]
[Result "1/2-1/2"]
[WhiteElo "1533"]
[BlackElo "1799"]
[PlyCount "115"]
[EventDate "2023.??.??"]
[WhiteTeam "Sfr.Mainz 1928"]
[BlackTeam "Wiesbadener SV 1885"]

1. d4 d5 2. Bf4 Nc6 3. Nf3 e6 4. e3 Bd6 5. Bg3 a6 6. Nbd2 Bxg3 7. hxg3 Nf6 8. c3 Qe7 9. Bd3 e5 10. dxe5 Nxe5 11. Nxe5 Qxe5 12. Nf3 Qe7 13. Qc2 Ne4 14. O-O-O c6 15. Rh4 f5 16. c4 Be6 17. Nd4 g5 18. Rh6 Bd7 19. Bxe4 dxe4 20. Qc3 O-O-O 21. c5 Rhg8 22. Rdh1 Rg7 23. Rd6 Rf8 24. Rhh6 Qf7 25. b3 Rg6 26. Qb4 Rxh6 27. Rxh6 Rg8 28. Qd2 Rg6 29. Rh1 h6 30. a4 Qd5 31. Qc3 f4 32. Rd1 Qe5 33. gxf4 gxf4 34. Ne2 Qxc3+ 35. Nxc3 fxe3 36. fxe3 Rxg2 37. Nxe4 Ra2 38. Rd2 Ra1+ 39. Kb2 Re1 40. Nd6+ Kc7 41. Nxb7 Rxe3 42. Na5 Re5 43. b4 h5 44. Nc4 Rd5 45. Rh2 Bg4 46. Ne3 Rg5 47. Kc3 Be6 48. Rg2 Re5 49. Rg7+ Bd7 50. Kd4 Re8 51. Rh7 Rd8 52. Nf5 Rf8 53. Nd6 Rf4+ 54. Ne4 Rf5 55. Nd6 Rg5 56. Ne4 Rd5+ 57. Kc3 Rf5 58. Kd4 1/2-1/2

[Event "32.Schlosspark-Open"]
[Site "Wiesbaden-Biebrich"]
[Date "2023.08.25"]
[Round "2.66"]
[White "Bolduan, Michael"]
[Black "Maibaum, Harry"]
[Result "1-0"]
[WhiteElo "1797"]
[BlackElo "1496"]
[PlyCount "43"]
[EventDate "2023.??.??"]
[WhiteTeam "Sfr Stiller Zug Wiesbaden"]
[BlackTeam "Sfr.Heimersheim"]

1. e4 c5 2. d4 cxd4 3. c3 dxc3 4. Nxc3 e6 5. Nf3 Bb4 6. Bc4 Ne7 7. O-O Bxc3 8. bxc3 d5 9. exd5 exd5 10. Bb3 Be6 11. Re1 h6 12. Nd4 Qc8 13. Nxe6 fxe6 14. Qg4 Qxc3 15. Qxe6 Nbc6 16. Ba3 Qf6 17. Qxd5 Rd8 18. Qh5+ g6 19. Qe2 Rh7 20. Bb2 Nd4 21. Qc4 Rg7 22. Rad1 1-0

[Event "32.Schlosspark-Open"]
[Site "Wiesbaden-Biebrich"]
[Date "2023.08.25"]
[Round "2.67"]
[White "Bresslauer, Stefan"]
[Black "Hoffmann, Christian"]
[Result "0-1"]
[WhiteElo "1493"]
[BlackElo "1797"]
[PlyCount "44"]
[EventDate "2023.??.??"]
[WhiteTeam "SVG Eppstein 1932"]
[BlackTeam "SAbt BKA Wiesbaden"]

1. d4 e6 2. c4 f5 3. Nc3 Nf6 4. e3 d5 5. Nf3 c6 6. Be2 Bd6 7. O-O O-O 8. b3 Ne4 9. Bb2 Nd7 10. Nxe4 fxe4 11. Ne5 Qg5 12. Nxd7 Bxd7 13. Qd2 Rf6 14. f4 exf3 15. Rxf3 Rxf3 16. Bxf3 Rf8 17. Rf1 Rf6 18. Bc1 e5 19. e4 Qxd2 20. Bxd2 dxe4 21. dxe5 Bxe5 22. Bxe4 Bd4+ 0-1

[Event "32.Schlosspark-Open"]
[Site "Wiesbaden-Biebrich"]
[Date "2023.08.25"]
[Round "2.68"]
[White "Shanawaz Thabrez, Shahzaib"]
[Black "Meaubert, Thomas"]
[Result "0-1"]
[WhiteElo "1312"]
[BlackElo "1788"]
[PlyCount "118"]
[EventDate "2023.??.??"]
[WhiteTeam "SK Langen"]
[BlackTeam "SC Fl rsheim 1921"]

1. d4 Nf6 2. c4 e6 3. Nc3 Bb4 4. Nf3 b6 5. e3 Bb7 6. Bd2 O-O 7. Bd3 d5 8. O-O Nbd7 9. Qc2 dxc4 10. Bxc4 Bxf3 11. gxf3 Bd6 12. Nb5 Nd5 13. Nxd6 cxd6 14. Kh1 Ne7 15. Rac1 Ng6 16. Rg1 Nf6 17. Kg2 Nh4+ 18. Kf1 Nxf3 19. Rg2 Rc8 20. Qd3 d5 21. Bb3 Rxc1+ 22. Bxc1 Qc7 23. Bd2 Ne4 24. Bb4 Rc8 25. Ke2 Nh4 26. Rg4 Qxh2 27. Rf4 g5 28. Rxe4 dxe4 29. Qxe4 Qg2 30. Qe5 Qf3+ 31. Kd3 Qf5+ 32. Qxf5 Nxf5 33. e4 Ng7 34. d5 exd5 35. exd5 h5 36. d6 a5 37. Ba3 b5 38. Bc5 Ne6 39. Bb6 Rc6 40. Bxa5 Rxd6+ 41. Ke3 Kg7 42. Bb4 Ra6 43. a3 h4 44. Bd1 Kg6 45. Be2 Rb6 46. Kf3 Nd4+ 47. Ke3 Nxe2 48. Kxe2 h3 49. Kf3 Kf5 50. Kg3 Rh6 51. Kh2 Kg4 52. f3+ Kxf3 53. b3 g4 54. a4 g3+ 55. Kg1 Rc6 56. Kf1 Rc1+ 57. Be1 g2+ 58. Kg1 Rxe1+ 59. Kh2 Rh1# 0-1

[Event "32.Schlosspark-Open"]
[Site "Wiesbaden-Biebrich"]
[Date "2023.08.25"]
[Round "2.69"]
[White "Rabiya, Karim"]
[Black "Busch, G nther"]
[Result "1-0"]
[WhiteElo "1758"]
[BlackElo "1492"]
[PlyCount "54"]
[EventDate "2023.??.??"]
[WhiteTeam "SK Niederbrechen 1948"]
[BlackTeam "Sfr Stiller Zug Wiesbaden"]

1. e4 Nf6 2. e5 Nd5 3. d4 Nb6 4. c4 d6 5. exd6 cxd6 6. Nc3 e6 7. Nf3 N8d7 8. a4 Nf6 9. a5 Nbd7 10. Bf4 Nh5 11. Be3 Nhf6 12. Qa4 Be7 13. h3 O-O 14. Bf4 a6 15. Bd3 Nb8 16. b4 d5 17. c5 Qd7 18. Qc2 g6 19. Na4 Bd8 20. Bd6 Be7 21. Nb6 Qd8 22. Bxe7 Qxe7 23. Nxa8 Nc6 24. Rb1 e5 25. dxe5 Nxe5 26. Nxe5 Qxe5+ 27. Kf1 Qc7 1-0

[Event "32.Schlosspark-Open"]
[Site "Wiesbaden-Biebrich"]
[Date "2023.08.25"]
[Round "2.70"]
[White "Schmidt, J rg"]
[Black "Herrmann, Gerhard"]
[Result "1/2-1/2"]
[WhiteElo "1784"]
[BlackElo "1477"]
[PlyCount "107"]
[EventDate "2023.??.??"]
[WhiteTeam "SK Niederbrechen 1948"]
[BlackTeam "SC K nigsspringer Alzenau e.V"]

1. Nf3 d5 2. e3 Nf6 3. b3 Nc6 4. Bb2 Bf5 5. Nh4 Bg6 6. Nxg6 hxg6 7. d4 Qd7 8. Nd2 O-O-O 9. Bb5 a6 10. Bd3 e6 11. Nf3 Ne4 12. a3 Be7 13. Qe2 f5 14. g3 g5 15. c4 g4 16. Nd2 Rh6 17. Rc1 Rdh8 18. Nf1 Bf6 19. cxd5 exd5 20. Bxa6 Nb8 21. Bd3 Be7 22. b4 Bd6 23. Qc2 g5 24. Qb3 Qe6 25. Rg1 Kd8 26. Rc2 f4 27. Bc1 f3 28. Bxe4 dxe4 29. d5 Qe7 30. Bb2 R8h7 31. Bd4 Nd7 32. Qb2 Ne5 33. Bxe5 Bxe5 34. Qb3 Qd6 35. Qc4 Rd7 36. Qc5 Qf6 37. Nd2 Bd6 38. Qc4 Qa1+ 39. Rc1 Qxa3 40. Nxe4 Qxb4+ 41. Qxb4 Bxb4+ 42. Kd1 Rxd5+ 43. Kc2 Rxh2 44. Rb1 c5 45. Rgf1 Ke7 46. Ra1 Rh8 47. Kb3 Re5 48. Nc3 Bxc3 49. Kxc3 Rb8 50. Rfd1 Rd8 51. Rdb1 Rd7 52. Ra7 Red5 53. Raxb7 Rxb7 54. Rxb7+ 1/2-1/2